Trade and finance in portuguese India: a study of the portuguese country trade 17770-1840. (Record no. 98514)

MARC details
000 -LEADER
fixed length control field 00464nam a2200157Ia 4500
008 - FIXED-LENGTH DATA ELEMENTS--GENERAL INFORMATION
fixed length control field 210210b1994 xxu||||| |||| 00| 0 eng d
020 ## - INTERNATIONAL STANDARD BOOK NUMBER
International Standard Book Number 81 7022 507 8
082 ## - DEWEY DECIMAL CLASSIFICATION NUMBER
Classification number 382.0954799 PINT
100 ## - MAIN ENTRY--PERSONAL NAME
Personal name PINTO (Clesa).
245 ## - TITLE STATEMENT
Title Trade and finance in portuguese India: a study of the portuguese country trade 17770-1840.
260 ## - PUBLICATION, DISTRIBUTION, ETC.
Place of publication, distribution, etc. New Delhi.
Name of publisher, distributor, etc. Concept Publishing Company.
Date of publication, distribution, etc. 1994
300 ## - PHYSICAL DESCRIPTION
Extent 315
650 ## - SUBJECT ADDED ENTRY--TOPICAL TERM
Topical term or geographic name entry element Portuguese<br/><br/>
690 ## - LOCAL SUBJECT ADDED ENTRY--TOPICAL TERM (OCLC, RLIN)
Topical term or geographic name as entry element Trade
906 ## - LOCAL DATA ELEMENT F, LDF (RLIN)
a 050111
Holdings
Withdrawn status Lost status Source of classification or shelving scheme Damaged status Not for loan Collection code Home library Current library Date acquired Cost, normal purchase price Total Checkouts Full call number Barcode Date last seen Price effective from Koha item type
    Dewey Decimal Classification     Commerce St Aloysius Library St Aloysius Library 02/17/2021 450.00   382.0954799 PINT 050111 02/17/2021 02/17/2021 Book